000 00769nmc a2200289 a 4500
003 AR-BaBNM
005 20251128211331.0
008 234020s2002 ||||||||||||||000 | spa||
020 _a950-753-094-0
040 _cAR-BaBNM
100 1 _aLeroux, Gastón
245 1 0 _aEl misterio del cuarto amarillo / Gastón Leroux
_b; Emma Zunz
260 _aBuenos Aires
_bCántaro
_c2002
300 _a316 p.
490 0 _aColección del Mirador
650 4 _aLITERATURA CONTEMPORANEA
650 4 _aLITERATURA FRANCESA
650 4 _aLITERATURA ARGENTINA
653 _aGENERO POLICIAL
655 _aLITERATURA
655 _aLITERATURA
700 1 _aBorges, Jorge Luis
740 0 _aEmma Zunz
800 1 _aValdettaro, Teresita
942 _cBK
998 _cLaura
999 _c19206
_d19206